000 00271nam a2200109Ia 4500
008 220216s9999 xx 000 0 und d
245 0 _aMore about rubber crash doors
260 _bRubber Developments
_c1957
300 _a89-91
650 _aRubber crash door
942 _cJS
999 _c63247
_d63247